Statystyki dla Kadra Szwecji Na Euro 2020

Kliknij tutaj aby rozwiązać quiz!

Ogólne statystyki

  • Ten quiz został rozwiązany 31 razy
  • Średni wynik to 10 z 26

Statystyki odpowiedzi

HintOdpowiedź% Poprawnych
BramkarzOlsen
100%
PomocnikForsberg
96%
NapastnikIsak
88%
ObrońcaLindelof
81%
PomocnikKulusevski
69%
NapastnikBerg
58%
ObrońcaGranqvist
54%
PomocnikQuaison
54%
ObrońcaDanielson
50%
PomocnikOlsson
50%
PomocnikClaesson
46%
NapastnikLarsson
46%
PomocnikLarsson
46%
PomocnikEkdal
42%
ObrońcaLustig
35%
ObrońcaKrafth
19%
ObrońcaHelander
15%
ObrońcaBengtsson
12%
ObrońcaJansson
12%
PomocnikCajuste
8%
BramkarzJohnsson
8%
BramkarzNordfeldt
8%
PomocnikSvanberg
8%
PomocnikSvensson
8%
ObrońcaAusgustinsson
0%
PomocnikSema
0%

Rozkład punktacji

Percentyl według liczby udzielonych odpowiedzi

Procent ludzi z każdym wynikiem

Twoja historia wyników

Nie rozwiązałeś tego quizu